Thomas Bernhard Auslöschung. Ein Zerfall. /

Elmentve itt :
Bibliográfiai részletek
Szerző: Kovács Zsanett
További közreműködők: Bombitz Attila (Témavezető)
Dokumentumtípus: Szakdolgozat
Megjelent: 2011
Tárgyszavak:
Online Access:http://diploma.bibl.u-szeged.hu/143975
LEADER 00740nta a2200193 i 4500
001 dipl143975
005 20250529130434.0
008 250213s2011 hu om 000 ger d
040 |a SZTE Diploma Repozitórium  |b hun 
041 |a ger 
100 1 |a Kovács Zsanett 
245 1 0 |a Thomas Bernhard  |h [elektronikus dokumentum] :  |b Auslöschung. Ein Zerfall. /  |c Zsanett Kovács 
260 |c 2011 
650 4 |a Bölcsészettudományok 
650 4 |a Humanities 
650 4 |a Languages and Literature 
700 0 1 |a Bombitz Attila  |e ths 
856 4 0 |u https://diploma.bibl.u-szeged.hu/id/eprint/143975/1/2011_kovacs_zsanett.pdf  |z Dokumentum-elérés  
856 4 0 |u https://diploma.bibl.u-szeged.hu/id/eprint/143975/2/2011_kovacs_zsanett_biralat.pdf  |z Dokumentum-elérés